| 000 | 00463nam a2200145Ia 4500 | ||
|---|---|---|---|
| 008 | 151213s9999 xx 000 0 und d | ||
| 100 | _aSandra D,.Schlotzhawes. Ramon .E Leffel | ||
| 245 |
_aSAS System For Elementary Satisfied Analysis _cSandra D,.Schlotzhawes. Ramon .E Leffel |
||
| 260 |
_aCary N. C. _bSAS Institute _c1987 |
||
| 300 | _a3133 p. | ||
| 650 | _aComputer | ||
| 650 | _aComputer | ||
| 700 | _aSandra D,.Schlotzhawes. Ramon .E Leffel | ||
| 999 |
_c2158 _d2158 |
||